000 00474nam a2200193Ia 4500
008 231221s9999 xx 000 0 und d
020 _a9790000000000
041 _aEnglish
082 _a001.424 TAH;
100 _aTaha, Hamdy A.
245 0 _aOperations research : An introduction
250 _a8th ed.
260 _c2007
_bPHI
_aNew Delhi
300 _axx+813
300 _c48750
500 _aSC-ST (1329)
650 _aOperations,research,:,an
942 _cCD
999 _c203835
_d203835